| 000 | 00000nam##2200000za#4500 |
| 001 | 9.607024 |
| 003 | CaOODSP |
| 005 | 20210624212923 |
| 007 | cr ||||||||||| |
| 008 | 150406|1996||||xxc|||||o f|0| 0 fre|d |
| 040 | |aCaOODSP|bfre |
| 043 | |an-cn--- |
| 086 | 1 |aEn49-26-1-2F-PDF |
| 110 | 1 |aCanada. |bEnvironnement Canada. |bService de la protection de l'environnement. |
| 245 | 10|aCode de pratiques environnementales pour l'élimination des rejets dans l'atmosphère de fluorocarbures provenant des systèmes de réfrigération et de conditionnement d'air |h[ressource électronique] |
| 260 | |aOttawa - Ontario : |bEnvironnement Canada. |cJuillet 1996. |
| 300 | |a62p.|bglossaire |
| 490 | 1 |aSérie de la protection de l'environnement. Réfrigération et climatisation |vEPS 1/RA/2 |
| 546 | |a(Abstract in English). |
| 590 | |a14-21-Supp|b2014-12-11 |
| 691 | 07|aClimatisation|2gcpds |
| 691 | 07|aCode de pratiques|2gcpds |
| 691 | 07|aÉmission atmosphérique|2gcpds |
| 691 | 07|aÉquipement de réfrigération|2gcpds |
| 775 | 08|tEnvironmental code of practice for elimination of fluorocarbon emissions from refrigeration and air conditioning systems |w(CaOODSP)9.579720 |
| 830 | #0|aSérie de la protection de l'environnement. Réfrigération et climatisation ;|vEPS 1/RA/2|w(CaOODSP)9.504206 |
| 856 | 40|ahttp://publications.gc.ca|qPDF|s176 Ko|uhttps://publications.gc.ca/collections/collection_2014/ec/En49-26-1-2-fra.pdf|yEPS 1/RA/2 |